| 000 | 004080000a22001810004500 | ||
|---|---|---|---|
| 003 | MACL | ||
| 005 | 20150919104403.0 | ||
| 008 | 150919b xxu||||| |||| 00| 0 eng d | ||
| 040 |
_aMACL _cMACL |
||
| 041 | _aEnglish | ||
| 082 | _a824/RAY | ||
| 100 |
_aRay, Irene R, _911882 |
||
| 245 | _aIndian National Ideal | ||
| 260 |
_aCalcutta _c1962 |
||
| 350 | _a1 | ||
| 650 |
_aEssay _98946 |
||
| 942 |
_cBK _k824 _2ddc |
||
| 999 |
_c6641 _d6641 |
||